Song Titles: Fill In The Missing Word - Jobs (1960's) - Statistics

General Stats
  • This quiz has been taken 38 times
  • The average score is 7 of 20
Answer Stats
Artist Song Title % Correct
Crispian St. Peters The Pied {Piper}
97%
Glen Campbell Wichita {Lineman}
84%
Reparata and the Delrons {Captain} Of Your Ship
65%
Tim Hardin If I Were a {Carpenter}
48%
Lonnie Donegan My Old Man's A {Dustman}
45%
Julie Andrews (Sound of Music Soundtrack) The Lonely {Goatherd}
39%
Bonzo Dog Doodah Band I'm The Urban {Spaceman}
35%
Buffy Saint Marie/Donovan Universal {Soldier}
35%
Simon & Garfunkel Baby {Driver}
32%
Whistling Jack Smith I Was Kaiser Bill's {Batman}
32%
The Byrds So You Want to Be a {Rock} '{n}' {Roll} {Star}
26%
Tommy Roe The Folk {Singer}
26%
Dave Davies Death of a {Clown}
23%
Ray Charles I Don't Need No {Doctor}
23%
Fendermen/Rusty Draper Mule {Skinner} Blues
19%
David Rose & his Orchestra (1962 Instrumental) The {Stripper}
19%
The Creation {Painter} Man
16%
Pink Floyd {Corporal} Clegg
13%
Pigmeat Markham/Shorty Long Here Comes the {Judge}
13%
Flanders and Swann The {Gas-Man} Cometh
6%
No matching quizzes found
Score Distribution
Percent of People with Each Score
Percentile by Number Answered
Your Score History
You have not taken this quiz